La libertad de la pornografía / (Record no. 195230)

MARC details
000 -LEADER
campo de control de longitud fija 01707nam a2200421 i 4500
001 - NÚMERO DE CONTROL
campo de control 195230
003 - IDENTIFICADOR DE NÚMERO DE CONTROL
campo de control SpMaBN
005 - FECHA Y HORA DE LA ÚLTIMA TRANSACCIÓN
campo de control 20250825112759.0
008 - DATOS DE LONGITUD FIJA--INFORMACIÓN GENERAL
campo de control de longitud fija 230129s2022 sp a | |||| 000 0 spa
015 ## - NÚMERO DE BIBLIOGRAFÍA NACIONAL
Número de bibliografía nacional MON22
017 ## - NÚMERO DE COPYRIGHT O DE DEPÓSITO LEGAL
Número de copyright o de depósito legal SE 506-2022
Agencia que asigna Oficina Depósito Legal Sevilla
020 ## - NÚMERO INTERNACIONAL ESTÁNDAR DEL LIBRO
Número Internacional Estándar del Libro 9788418239496
040 ## - FUENTE DE CATALOGACIÓN
Centro catalogador/agencia de origen SpMaBN
Lengua de catalogación spa
Centro/agencia transcriptor SpMaBN
Normas de descripción rda
Centro/agencia modificador ES-MaACL
080 ## - NÚMERO DE LA CLASIFICACIÓN DECIMAL UNIVERSAL
Número de la Clasificación Decimal Universal 176
100 ## - ENTRADA PRINCIPAL--NOMBRE DE PERSONA
Nombre de persona Valero Heredia, Ana
9 (RLIN) 236796
Término indicativo de función/relación Autor
245 13 - MENCIÓN DEL TÍTULO
Título La libertad de la pornografía /
Mención de responsabilidad, etc. Ana Valero Heredia ; prólogo de Erika Lust.
250 ## - MENCION DE EDICION
Mención de edición Primera edición: marzo, 2022
264 #1 - PRODUCCIÓN, PUBLICACIÓN, DISTRIBUCIÓN, FABRICACIÓN Y COPYRIGHT
Producción, publicación, distribución, fabricación y copyright [Sevilla] :
Nombre del de productor, editor, distribuidor, fabricante Athenaica Ediciones,
Fecha de producción, publicación, distribución, fabricación o copyright [2022].
264 #4 - PRODUCCIÓN, PUBLICACIÓN, DISTRIBUCIÓN, FABRICACIÓN Y COPYRIGHT
Fecha de producción, publicación, distribución, fabricación o copyright ©2022
300 ## - DESCRIPCIÓN FÍSICA
Extensión 202 páginas :
Otras características físicas fotografías (blanco y negro) ;
Dimensiones 21 cm.
336 ## - TIPO DE CONTENIDO
Término de tipo de contenido Texto
Fuente rdacontent
337 ## - TIPO DE MEDIO
Nombre/término del tipo de medio sin mediación
Fuente rdamedia
338 ## - TIPO DE SOPORTE
Nombre/término del tipo de soporte volumen
Fuente rdacarrier
490 1# - MENCIÓN DE SERIE
Mención de serie Ensayo (Athenaica)
500 ## - NOTA GENERAL
Nota general Un ensayo pionero en español que entra de lleno en el debate actual de la pornografía y analiza la libertad referida a la sexualidad y su exhibición desde un punto de vista cultural, moral, legal y feminista.
504 ## - NOTA DE BIBLIOGRAFÍA, ETC.
Nota de bibliografía, etc. Bibliografía: página 193-202
650 #0 - PUNTO DE ACCESO ADICIONAL DE MATERIA--TÉRMINO DE MATERIA
Término de materia o nombre geográfico como elemento de entrada Pornografía
Fuente del encabezamiento o término embne
9 (RLIN) 236797
650 #7 - PUNTO DE ACCESO ADICIONAL DE MATERIA--TÉRMINO DE MATERIA
Término de materia o nombre geográfico como elemento de entrada Derecho
Fuente del encabezamiento o término embne
9 (RLIN) 11602
655 #0 - TERMINO DE INDIZACIÓN--GENERO/FORMA
Datos o término principal de género/forma Ensayos
9 (RLIN) 176636
700 ## - ENTRADA AGREGADA--NOMBRE PERSONAL
Nombre de persona Erika Lust,
Fechas asociadas al nombre 1977-
Término indicativo de función/relación Autor de introducción
9 (RLIN) 236798
830 ## - PUNTO DE ACCESO ADICIONAL DE SERIE-TÍTULO UNIFORME
Título uniforme Ensayo (Athenaica)
9 (RLIN) 239833
852 ## - LOCALIZACIÓN
Ubicación ES-MaACL
Número de control de estantería N-8890
Encuadernación Encuadernación rústica con solapas
Ubicación en estantería Depósito J
Donativo/Legado Donación: Editorial
itemnumber 204775
942 ## - ELEMENTOS DE ENTRADA SECUNDARIOS (KOHA)
Tipo de ítem Koha Libro impreso
Suprimir en OPAC No
Holdings
Estatus retirado Estado de pérdida Fuente del sistema de clasificación o colocación Estado de daño No para préstamo Biblioteca de origen Biblioteca actual Ubicación en estantería Fecha de adquisición Fuente de adquisición Total de préstamos Signatura topográfica completa Código de barras Visto por última vez Precio de reemplazo Tipo de ítem Koha
    Clasificación decimal universal     Biblioteca del Ateneo de Madrid Biblioteca del Ateneo de Madrid Depósito J 15/03/2025 Donación   N-8890 101229621 15/03/2025 15/03/2025 Libro impreso